000 01170nam a2200229Ia 4500
003 PE SENCICO BE
005 20251020182423.0
008 200515s9999 xx 000 0 und d
040 _aPE SENCICO BE
_cPE SENCICO BE
041 _aspa
082 _a516.24T
_bA45
100 1 _aAlva Cabrera, Rubén
_92103
_eautor
245 1 0 _aTrigonometría /
_cRubén Alva Cabrera
250 _a1a ed.
260 _aLima :
_bSan Marcos,
_c1990
300 _a208 p. :
_bgraf., tabls. ;
_c20 cm.
500 _aEn la cubierta: "Universidad Nacional de Ingeniería exámenes de admisión, 20 últimos años por capítulos totalmente resueltos"
505 0 _aSistema de medición angular -- Razones trigonométricas de ángulos agudos -- Razones trigonométricas de ángulos en posición normal -- Identidades trigonométricas -- Razones trigonométricas de la suma y diferencia de dos ángulos -- Razones trigonométricas del ángulo doble, triple y mitad -- Transformaciones trigonométricas -- Funciones trigonométricas inversas -- Ecuaciones trigonométricas - Resolución de triángulos
650 1 0 _aTrigonometría
_92104
650 2 0 _aMatemáticas
_92106
942 _cLIB
_2ddc
999 _c46
_d46